Video Game True or False - Statistics

General Stats
  • This quiz has been taken 133 times
  • The average score is 5 of 12
Answer Stats
Question Answer % Correct
God of War (2005) Is based on Greek mythology True
60%
An Xbox console has outsold a PlayStation home console in its lifetime False
55%
Call of Duty Modern Warfare was the best selling game of 2019 True
53%
The PlayStation 3 sold better than the Nintendo Wii False
44%
Polar bears are in Minecraft True
44%
Pokemon is the second highest grossing media franchise behind Winnie the Pooh True
39%
PUBG Mobile is the most downloaded mobile game False
35%
The most played Roblox game is Jailbreak True
31%
Spider Man: Miles Morales is a console exclusive False
27%
Minecraft is banned in Iran False
27%
The Sims has to most DLC False
26%
Nintendo are the biggest game publisher False
23%
No matching quizzes found
Score Distribution
Percent of People with Each Score
Percentile by Number Answered
Your Score History
You have not taken this quiz